000 00322pab a2200133 454500
008 180718b xxu||||| |||| 00| 0 eng d
100 _aGhosh Biswanath
245 _aThe challenge of unemployment
362 _a37(17), 30 Sep 93, p.13-14
650 _a Labour
650 _aUnemployment
773 _aYojana
909 _a25410
999 _c25410
_d25410